Niektoré aspekty vnímania rizika ako súčasti procesu rozhodovania

Riziko v psychologických disciplínach. Riziko, subjektívna pravdepodobnosť, neistota. Vnímanie informácií. Skúmanie vnímania rizika. Faktory ovplyvňujúce vnímanie rizika - faktory emocionálne, osobnostné, demografické a sociálne. Kognitívne heuristiky.

Uložené v:
Podrobná bibliografia
Hlavný autor: Bavoľár, Jozef
Médium: Kapitola
Jazyk:Slovak
Predmet:
Tagy: Pridať tag
Žiadne tagy, Buďte prvý, kto otaguje tento záznam!

MARC

LEADER 00000naa$a2200000$$$4500
001 0102658
005 20231129104101.3
041 0 |a slo 
044 |a CZ 
245 1 0 |a Niektoré aspekty vnímania rizika ako súčasti procesu rozhodovania  |c Jozef Bavoľár 
520 |a Riziko v psychologických disciplínach. Riziko, subjektívna pravdepodobnosť, neistota. Vnímanie informácií. Skúmanie vnímania rizika. Faktory ovplyvňujúce vnímanie rizika - faktory emocionálne, osobnostné, demografické a sociálne. Kognitívne heuristiky. 
610 2 0 |a riziko 
610 2 0 |a rozhodovanie 
610 2 0 |a psychológia 
610 2 0 |a psychometria 
100 1 |a Bavoľár, Jozef